| 000 | 00912nac a22003011i 4500 | ||
|---|---|---|---|
| 003 | EG-ScBUE | ||
| 005 | 20240528091336.0 | ||
| 008 | 240528t2007 enkb f b 001 0 eng d | ||
| 020 | _a0745324371 (pbk.) | ||
| 020 | _a9780745324371 (pbk.) | ||
| 035 | _a(OCoLC)ocm75714214 | ||
| 035 | _a(OCoLC)75714214 | ||
| 040 |
_aEG-ScBUE _beng _erda _cEG-ScBUE _dEG-ScBUE |
||
| 043 | _aa-le--- | ||
| 082 | 0 | 4 |
_a956.92 _bTRA _222 |
| 100 | _aTraboulsi, Fawwaz | ||
| 245 | 1 | 2 |
_aA history of modern Lebanon / _cFawwaz Traboulsi. |
| 264 |
_aLondon : _bPluto Press, _c[2007] |
||
| 264 | 4 | _cc2007 | |
| 300 |
_axi, 306 pages : _bmaps ; _c23 cm |
||
| 336 |
_2rdacontent _atext _btxt |
||
| 337 |
_aunmediated _2rdamedia _bn |
||
| 338 |
_avolume _bnc _2rdacarrier |
||
| 504 | _aIncludes bibliographical references and index. | ||
| 651 | 7 |
_aLebanon _xHistory _y1516- _2BUEsh |
|
| 655 | _vReading book | ||
| 942 |
_cNB _2ddc |
||
| 999 |
_c5064 _d5064 |
||